| 000 | 00886cam a22002174a 4500 | ||
|---|---|---|---|
| 999 |
_c8380 _d8380 |
||
| 020 | _a0131183036 | ||
| 050 | 0 | 0 |
_aHD42 _b.G59 |
| 100 | 1 | _aGoodwin, Cliff, | |
| 245 | 1 | 4 |
_aThe conflict survival kit : _btools for resolving conflict at work / _cCliff Goodwin, Daniel B. Griffith. |
| 260 |
_aUpper Saddle River, N.J. : _bPearson Prentice Hall, _cc2007. |
||
| 300 |
_axxiv, 325 p. : _bill. ; _c26 cm. |
||
| 500 | _aIncludes index. | ||
| 505 | _aPart 1. The theory and context for managing conflict in workplace Part 2. Interpersonal communication skills for resolving conflict Part 3. preparing to resolve conflicts Part 4. Application and practice | ||
| 650 | 0 | _aConflict management. | |
| 650 | 0 | _aInterorganizational relations. | |
| 650 | 0 | _aIndustrial relations. | |
| 650 | 0 | _aPsychology, Industrial. | |
| 650 | 0 | _aConflict (Psychology) | |
| 700 | 1 | _aGriffith, Dan | |
| 942 | _cBK | ||